| 000 | 00749nam a22002417a 4500 | ||
|---|---|---|---|
| 003 | BUBTL | ||
| 008 | 160228b xxu||||| |||| 00| 0 eng d | ||
| 020 | _a9788120329638 | ||
| 041 | _aeng | ||
| 082 | _a332.6/ K518s/ 2023 | ||
| 100 |
_a kevin, S. _95700 |
||
| 245 |
_aSecurity Analysis and Portfolio Management / _c S. Kevin |
||
| 250 | _a1st ed. | ||
| 260 |
_aDelhi: _bPHI Learning Private Limited, _cc2023 |
||
| 300 |
_axvi, 371 p. : _c24 cm. |
||
| 500 | _aIncludes index. | ||
| 505 | _aSecurity Analysis and Portfolio Management, Investment, Securities Market, Stock Exchanges, Trading System in Stock Exchanges | ||
| 650 | 0 |
_918 _aFinance |
|
| 856 |
_k0 _l0 _yDownload |
||
| 942 |
_2ddc _cBK |
||
| 999 |
_c7235 _d7235 |
||